000 00480nam a2200169Ia 4500
999 _c12603
_d12603
003 OSt
005 20201105121812.0
008 190216s9999||||xx |||||||||||||| ||und||
040 _coclc
082 _a227.2
_bPUD/G
100 _aPudaite, Rochunga
_96288
245 4 _aThe Greatest Is Love /
_cRochunga Pudaite
260 _bRupa And Co,
_aNew Delhi:
_c1967.
300 _a282p
650 _aEnglish General
942 _cBK
_2ddc
_h227.2
_iPUD/G
_k227.2
_mPUD/G